000 00638nam a22002297a 4500
001 87570
003 UA-OsUOA
005 20211105220930.0
007 ta
008 20120920b un ||||| |||| 00| 0 ukr d
040 _aUA-OsUOA
_brus
_cUA-OsUOA
_dUA-OsUOA
041 _arus
080 _a94 (47+571)
090 _a94 (47+571)
_bЛ 50
100 _aЛинков Л. И.
245 _aОчерки истории крестьянского движения в России в 1825-1861 гг.
260 _aМ.
_bПросвещенее
_c1952
300 _a276 с.
650 7 _a94 Історія
_2UDC
942 _cBK
_2udc
955 _a4
999 _c373608
_d373608